000 00619cam a22002291 4500
001 ne 63000343
003 DLC
005 20260227111741.0
008 960906s1961 ua 000 1 arar
010 _ane 63000343
025 _aPL480: UAR-1418
035 _a(OCoLC)35373592
040 _aDLC
_cOrPS
_dDLC
042 _apremarc
050 0 0 _aPJ7838.D7
_bA78
100 1 _aIdrīs, Yūsuf
245 1 0 _aĀkhir al-dunyā
_c[taʼlīf] Yūsuf Idrīs.
260 _a[al-Qāhirah]
_bMuʼassasat Rūz al-Yūsuf,
_c1961.
300 _a157 p.
_c19 cm.
490 0 _aal-Kitāb al-dhahabī,
_v83
500 _aShort stories.
999 _c45581
_d45581